Horror Movie Franchises #23: Final Destination - Statistics

General Stats
  • This quiz has been taken 155 times
  • The average score is 5 of 5
Answer Stats
Movie % Correct
Final Destination
100%
The Final Destination
100%
Final Destination 2
98%
Final Destination 3
98%
Final Destination 5
95%
No matching quizzes found
Score Distribution
Percent of People with Each Score
Percentile by Number Answered
Your Score History
You have not taken this quiz